000
00326nam a22001457a 4500
008
210528b ||||| |||| 00| 0 eng d
020
_a
0716703319
041
_a
eng
080
_2
2nd
_a
621
082
_a
621
100
_a
26
101
_a
MEK
245
_a
Electromagnetic Fields and Waves
_c
Paul Lorrain
942
_2
udc
_c
BK
999
_c
57772
_d
57772